000 00459nam a22001697a 4500
005 20251108172330.0
008 250721s1987 xx 000 0 ara d
082 1 4 _aط/926/أدى
245 1 0 _aأديسون الذي أضاء العالم /
250 _aط17
264 1 _aبيروت :
_bدارالعلم للملايين،
_c1987.
300 _a125ص
490 0 _aالناجحون
650 1 7 _aالمشاهير
942 _2ddc
_cBK
999 _c76439
_d76439